College writing skills (Record no. 566470)
[ view plain ]
| 000 -LEADER | |
|---|---|
| fixed length control field | 00787cam a2200265 a 4500 |
| 001 - CONTROL NUMBER | |
| control field | 13598614 |
| 003 - CONTROL NUMBER IDENTIFIER | |
| control field | CEME |
| 005 - DATE AND TIME OF LATEST TRANSACTION | |
| control field | 20210628201541.0 |
| 008 - FIXED-LENGTH DATA ELEMENTS--GENERAL INFORMATION | |
| fixed length control field | 040519s2005 nyua 001 0 eng |
| 010 ## - LIBRARY OF CONGRESS CONTROL NUMBER | |
| LC control number | 2004050491 |
| 020 ## - INTERNATIONAL STANDARD BOOK NUMBER | |
| International Standard Book Number | 0072871865 (pbk. : alk. paper) |
| 040 ## - CATALOGING SOURCE | |
| Original cataloging agency | DLC |
| Transcribing agency | DLC |
| Modifying agency | DLC |
| 050 00 - LIBRARY OF CONGRESS CALL NUMBER | |
| Classification number | PE1471 |
| Item number | .L34 2004 |
| 082 00 - DEWEY DECIMAL CLASSIFICATION NUMBER | |
| Classification number | 808/.042 |
| Edition number | 22 |
| 100 1# - MAIN ENTRY--PERSONAL NAME | |
| Personal name | Langan, John, |
| Dates associated with a name | 1942- |
| 9 (RLIN) | 55783 |
| 245 10 - TITLE STATEMENT | |
| Title | College writing skills |
| Statement of responsibility, etc. | John Langan. |
| 250 ## - EDITION STATEMENT | |
| Edition statement | 6th ed. |
| 260 ## - PUBLICATION, DISTRIBUTION, ETC. | |
| Place of publication, distribution, etc. | New York : |
| Name of publisher, distributor, etc. | McGraw-Hill, |
| Date of publication, distribution, etc. | c2005. |
| 300 ## - PHYSICAL DESCRIPTION | |
| Extent | xxii, 586 p. : |
| Other physical details | col. ill. ; |
| Dimensions | 24 cm. + |
| Accompanying material | 1 CD-ROM (4 3/4 in.) |
| 500 ## - GENERAL NOTE | |
| General note | Includes index. |
| 650 #0 - SUBJECT ADDED ENTRY--TOPICAL TERM | |
| Topical term or geographic name entry element | English language |
| General subdivision | Rhetoric. |
| 9 (RLIN) | 3245 |
| 650 #0 - SUBJECT ADDED ENTRY--TOPICAL TERM | |
| Topical term or geographic name entry element | English language |
| General subdivision | Grammar. |
| 9 (RLIN) | 35697 |
| 650 #0 - SUBJECT ADDED ENTRY--TOPICAL TERM | |
| Topical term or geographic name entry element | Report writing. |
| 9 (RLIN) | 3246 |
| 942 ## - ADDED ENTRY ELEMENTS (KOHA) | |
| Source of classification or shelving scheme | |
| Koha item type | Book |
| Withdrawn status | Lost status | Source of classification or shelving scheme | Damaged status | Not for loan | Permanent Location | Current Location | Shelving location | Date acquired | Shelving control number | Full call number | Barcode | Date last seen | Price effective from | Koha item type | Public note | Total Checkouts |
|---|---|---|---|---|---|---|---|---|---|---|---|---|---|---|---|---|
| College of Electrical & Mechanical Engineering (CEME) | College of Electrical & Mechanical Engineering (CEME) | Fiction | 03/20/2017 | English Literature | 808.042 LAN | CEME-44530 | 06/28/2021 | 06/28/2021 | Book | CART-4 | ||||||
| College of Electrical & Mechanical Engineering (CEME) | College of Electrical & Mechanical Engineering (CEME) | General Stacks | 03/20/2017 | 808.042 LAN | CEME-44529 | 06/28/2021 | 06/28/2021 | Book |
